Nhà vật lý I-Xắc Niu tơn và A-Lếc-Xan-Đrơ Pô-Pốp

Nhữnh câu chuyện về tuổi trẻ và tích lũy kiến thức của nhà vật lí Anhxtanh và những phát minh: chuyển động Brao, thuyết tương đối, các lượng tử và lý thuyết trường thống nhất...

Αποθηκεύτηκε σε:
Λεπτομέρειες βιβλιογραφικής εγγραφής
Άλλοι συγγραφείς: Song Mai (ch.b), Lê Nghĩa (b.s)
Μορφή: Βιβλίο
Γλώσσα:Vietnamese
Έκδοση: H. Văn hoá Thông tin ; Công ty Văn hoá Việt 2005
Σειρά:Truyện kể về các Danh nhân Thế giới
Θέματα:
Ετικέτες: Προσθήκη ετικέτας
Δεν υπάρχουν, Καταχωρήστε ετικέτα πρώτοι!
Thư viện lưu trữ: Mạng thư viện Đại học Đà Nẵng
LEADER 01406nam a2200349 4500
001 000014836
003 11206
005 20120515090557.0
008 120515s2005 viesd
020 |c 14000đ 
041 0 |a vie 
082 |a 920.02  |b IX-N 
245 0 |a Nhà vật lý I-Xắc Niu tơn và A-Lếc-Xan-Đrơ Pô-Pốp  |c B.s.: Song Mai (ch.b.), Lê Nghĩa 
260 |a H.  |b Văn hoá Thông tin ; Công ty Văn hoá Việt  |c 2005 
300 |a 130 tr  |c 19 cm 
490 |a Truyện kể về các Danh nhân Thế giới 
520 |a Nhữnh câu chuyện về tuổi trẻ và tích lũy kiến thức của nhà vật lí Anhxtanh và những phát minh: chuyển động Brao, thuyết tương đối, các lượng tử và lý thuyết trường thống nhất... 
653 |a Nhà vật lí 
653 |a Văn học thiếu nhi 
653 |a Truyện danh nhân 
700 |a Song Mai  |e ch.b 
700 |a Lê Nghĩa  |e b.s 
OWN |a LSP 
AVA |a UDN50  |b LSP  |d 920.02 IX-N  |e available  |t Error 5001 Not defined in file expand_doc_bib_avail.  |f 4  |g 0  |h N  |i 0  |k 1 
999 |a From the UDN01 
AVA |a UDN50  |b LSP  |d 920.02 IX-N  |e available  |t Error 5001 Not defined in file expand_doc_bib_avail.  |f 4  |g 0  |h N  |i 0  |k 1 
TYP |a Monograph 
TYP |a Printed language 
980 |a Mạng thư viện Đại học Đà Nẵng